| 000 | 00936cam a22002654a 4500 | ||
|---|---|---|---|
| 001 | 11949756 | ||
| 005 | 20160515113250.0 | ||
| 008 | 000322s2001 njua |rb 001 0 eng | ||
| 010 | _a 00036690 | ||
| 020 | _a0139271538 (pbk.) | ||
| 040 |
_aDLC _cDLC _dDLC |
||
| 042 | _apcc | ||
| 050 | 0 | 0 |
_aJA76 _b.O78 2001 |
| 082 | 0 | 0 |
_a306.2 _222 _bORU |
| 100 | 1 |
_aOrum, Anthony M. _911061 |
|
| 245 | 1 | 0 |
_aIntroduction to Political Sociology / _cAnthony M. Orum |
| 250 | _a4th ed. | ||
| 260 |
_aUpper Saddle River, N.J. : _bPrentice Hall, 2001 _cc2001. |
||
| 300 |
_axiii, 303 p. : _bill. ; _c23 cm. |
||
| 504 | _aIncludes bibliographical references and index. | ||
| 650 | 0 |
_911062 _aPolitical sociology |
|
| 856 | 4 | 1 |
_3Table of contents _uhttp://www.loc.gov/catdir/toc/fy034/00036690.html |
| 942 |
_2ddc _cBB |
||
| 999 |
_c13305 _d13305 |
||